[Event "Chigorin Memorial"]
[Site "St Petersburg RUS"]
[Date "2012.10.31"]
[Round "5.33"]
[White "Ponfilenok, Vladimir"]
[Black "Onischuk, Vladimir"]
[Result "1/2-1/2"]
[BlackTitle "GM"]
[WhiteElo "2392"]
[BlackElo "2558"]
[WhiteFideId "24113522"]
[BlackFideId "14114038"]
[EventDate "2012.10.27"]

1. d4 d6 2. Nf3 g6 3. g3 Bg7 4. Bg2 Nf6 5. O-O O-O 6. c4 c6 7. Nc3 a6 8. e4 Bg4
9. h3 Bxf3 10. Qxf3 Nfd7 11. Rd1 Qb6 12. Qe3 c5 13. Nd5 Qd8 14. dxc5 dxc5 15.
Qb3 Ra7 16. Be3 Nc6 17. Qa3 b6 18. Rd2 e6 19. Nf4 Qc7 20. Rad1 Nde5 21. b3 Na5
22. Qc1 Nec6 23. Ne2 e5 24. Nc3 Nd4 25. Nd5 Qd8 26. Qb1 Nac6 27. Rf1 f5 28. f4
Raf7 29. Rdf2 Kh8 30. Qd1 b5 31. Kh2 bxc4 32. bxc4 fxe4 33. Bxe4 Qe8 34. Bg2 h5
35. Qd3 Qe6 36. Qe4 h4 37. gxh4 Rf5 38. fxe5 Nxe5 39. Kh1 Rxf2 40. Rxf2 Rxf2 41.
Bxf2 Qf5 42. Nf4 Qf7 43. Bxd4 cxd4 44. Qxd4 Nxc4 45. Bd5 Bxd4 46. Bxf7 Ne5 47.
Bxg6 Be3 48. Nd5 Bf2 49. h5 Kg7 50. Kg2 Bc5 51. Be8 a5 52. Kg3 Bd6 53. Kf4 Nd3+
54. Kf5 Nf2 55. Nf4 Bxf4 56. Kxf4 Nd1 1/2-1/2

[Event "Chigorin Memorial"]
[Site "St Petersburg RUS"]
[Date "2012.10.31"]
[Round "5.36"]
[White "Belyakov, Bogdan"]
[Black "Alsina Leal, Daniel"]
[Result "1-0"]
[WhiteTitle "FM"]
[BlackTitle "GM"]
[WhiteElo "2388"]
[BlackElo "2528"]
[WhiteFideId "24104795"]
[BlackFideId "2252627"]
[EventDate "2012.10.27"]

1. e4 c5 2. Nf3 d6 3. d4 cxd4 4. Qxd4 Nc6 5. Bb5 Bd7 6. Bxc6 Bxc6 7. Nc3 Nf6 8.
Bg5 e6 9. O-O-O Be7 10. Qd3 Qa5 11. h4 h6 12. Bf4 Ng4 13. Qe2 Qa6 14. Rd3 e5 15.
Bd2 Nf6 16. Kb1 b5 17. Nd5 Nxd5 18. exd5 Bd7 19. Bb4 Bg4 20. Rc3 Qb7 21. Rc6 Rd8
22. Qe4 f5 23. Qe3 O-O 24. Qa3 Rd7 25. Qb3 Kh8 26. Ng5 Rc8 27. Nf7+ Kh7 28. f3
Bh5 29. Nxd6 Bxd6 30. Rxd6 Bf7 31. Qd3 Rxd6 32. Bxd6 e4 33. fxe4 fxe4 34. Qxe4+
Bg6 35. Qf3 Bxc2+ 36. Ka1 Rd8 37. Qe2 Bf5 38. Qe5 Qd7 39. a3 a6 40. Re1 Qxd6 41.
Qxf5+ Qg6 42. Qf3 Qc2 43. Rd1 Rd6 44. Qd3+ Qxd3 45. Rxd3 Kg6 46. Ka2 Kf5 47. Kb3
Ke4 48. Rg3 Rxd5 49. Rxg7 Rd6 50. h5 a5 51. Rg6 Rd3+ 52. Kc2 Rd5 53. Rxh6 Rg5
54. Kb3 Rxg2 55. Rf6 Rh2 56. Ra6 Rh3+ 57. Kc2 b4 58. Rxa5 b3+ 59. Kd2 Kd4 60.
Ra4+ Kc5 61. Re4 Rh2+ 62. Re2 Rxh5 63. Re3 Kd4 64. Rxb3 Rh2+ 65. Kc1 Rg2 66. Rc3
Rh2 67. Kb1 1-0

[Event "Chigorin Memorial"]
[Site "St Petersburg RUS"]
[Date "2012.10.31"]
[Round "5.38"]
[White "Zenzera, Alexey"]
[Black "Soffer, Ram"]
[Result "1/2-1/2"]
[BlackTitle "GM"]
[WhiteElo "2361"]
[BlackElo "2506"]
[WhiteFideId "4102665"]
[BlackFideId "2800101"]
[EventDate "2012.10.27"]

1. c4 e5 2. g3 Nf6 3. Bg2 d5 4. cxd5 Nxd5 5. Nc3 Nb6 6. e3 c5 7. Nge2 Nc6 8. O-O
Be7 9. f4 O-O 10. fxe5 Nxe5 11. Nf4 Bg4 12. Qc2 Qd7 13. Ncd5 Nxd5 14. Nxd5 Bd6
15. b3 Bh3 16. Bb2 Bxg2 17. Kxg2 f5 18. d3 Rae8 19. e4 Nc6 20. Ne3 fxe4 21. dxe4
Qe6 22. Qc4 Qxc4 23. Nxc4 Rxe4 24. Nxd6 Re2+ 25. Kh3 Rxb2 26. Rxf8+ Kxf8 27.
Nxb7 c4 28. Nc5 cxb3 29. axb3 Rc2 30. Ne4 a5 31. Nd6 Ke7 32. Nc4 Rc3 33. Nxa5
Nxa5 34. Rxa5 Rxb3 35. Kg4 Kf6 36. Ra6+ Kf7 37. h4 Rb4+ 38. Kf3 Rb3+ 39. Kf4
Rb4+ 40. Kf3 Rb3+ 41. Kf4 1/2-1/2

[Event "Chigorin Memorial"]
[Site "St Petersburg RUS"]
[Date "2012.10.31"]
[Round "5.39"]
[White "Mozharov, Mikhail"]
[Black "Kashtanov, Ruslan"]
[Result "1-0"]
[WhiteTitle "IM"]
[BlackTitle "IM"]
[WhiteElo "2505"]
[BlackElo "2356"]
[WhiteFideId "4189825"]
[BlackFideId "4124871"]
[EventDate "2012.10.27"]

1. e4 c5 2. Nf3 Nc6 3. d4 cxd4 4. Nxd4 Qc7 5. Nc3 e6 6. g3 a6 7. Bg2 Nf6 8. O-O
Bc5 9. Nb3 Be7 10. a4 b6 11. Nd5 exd5 12. exd5 Bb7 13. dxc6 Bxc6 14. Re1 Bxg2
15. Kxg2 d5 16. Qe2 Ra7 17. Bf4 Qc6 18. Nd4 Qd7 19. Bb8 Rb7 20. Be5 O-O 21. Qxa6
Ne4 22. Qb5 Bc5 23. Qxd7 Rxd7 24. Red1 Rc8 25. c3 g5 26. g4 Re8 27. Bg3 Nf6 28.
b4 Bxd4 29. Rxd4 Rc8 30. a5 bxa5 31. bxa5 Ra7 32. Be5 Ne4 33. Rxd5 f6 34. Bd4
Ra6 35. Rb5 Nxc3 36. Rb6 Rxb6 37. axb6 Nb5 38. b7 1-0

[Event "Chigorin Memorial"]
[Site "St Petersburg RUS"]
[Date "2012.10.31"]
[Round "5.40"]
[White "Rozum, Ivan"]
[Black "Vavulin, Maksim"]
[Result "1-0"]
[WhiteTitle "IM"]
[WhiteElo "2498"]
[BlackElo "2293"]
[WhiteFideId "24104272"]
[BlackFideId "4169530"]
[EventDate "2012.10.27"]

1. Nf3 c5 2. c4 Nc6 3. Nc3 e5 4. e3 Nf6 5. a3 d6 6. Be2 Be7 7. O-O O-O 8. d4
cxd4 9. exd4 Bg4 10. Be3 exd4 11. Nxd4 Ne5 12. b3 Re8 13. h3 Bxe2 14. Ndxe2 a6
15. Nf4 Rb8 16. a4 Nfd7 17. Nfd5 Nc6 18. Ra2 Bf8 19. Rd2 Qa5 20. Qb1 Nb4 21. Qf5
Nxd5 22. Nxd5 Qd8 23. Bd4 Ne5 24. Rfd1 Ng6 25. g3 Re6 26. Qh5 Qe8 27. Kg2 Re1
28. Qf3 Rxd1 29. Rxd1 Qc6 30. Re1 Qd7 31. h4 Ne5 32. Bxe5 dxe5 33. Rxe5 h6 34.
h5 Bd6 35. Re4 Bf8 36. Qf4 Rd8 37. Qf3 b5 38. axb5 axb5 39. Rg4 Kh8 40. Ne3 bxc4
41. bxc4 Rc8 42. Nd5 Rb8 43. Re4 Rd8 44. Rf4 Kg8 45. Rf6 Qa7 46. Rc6 Qa4 47. Rc7
Qe8 48. Qf5 Bd6 49. Rb7 Bf8 50. g4 Rb8 51. Rc7 Bd6 52. Rd7 Rd8 53. Ra7 Ra8 54.
Rxa8 Qxa8 55. Qe4 Qd8 56. Ne3 Bf8 57. Nf5 Qc8 58. Qd5 Qc7 59. Kf3 Qc8 60. Ng3
Qc7 61. Ne4 Qh2 62. Ng3 Qh4 63. c5 Qf6+ 64. Kg2 Qf4 65. c6 Bd6 66. Qe4 Qc1 67.
Nf5 Bf8 68. Qe8 Qc4 69. Ne3 Qf4 70. Kg1 Qd6 71. Qc8 Qb4 72. c7 Qe1+ 73. Nf1 Qb4
74. Qd7 1-0

[Event "Chigorin Memorial"]
[Site "St Petersburg RUS"]
[Date "2012.10.31"]
[Round "5.41"]
[White "Neverov, Valeriy"]
[Black "Afanasiev, Nikita"]
[Result "1-0"]
[WhiteTitle "GM"]
[WhiteElo "2494"]
[BlackElo "2224"]
[WhiteFideId "14100150"]
[BlackFideId "24183555"]
[EventDate "2012.10.27"]

1. d4 Nf6 2. c4 g6 3. Nc3 Bg7 4. e4 d6 5. f3 O-O 6. Nge2 c5 7. d5 e6 8. Ng3 exd5
9. cxd5 h5 10. Bg5 a6 11. a4 Nbd7 12. Be2 Re8 13. O-O Qc7 14. Qd2 Nh7 15. Bh6
Bd4+ 16. Be3 Bh8 17. Rfe1 Qa5 18. Nh1 f5 19. Nf2 Ne5 20. h3 Nf6 21. exf5 gxf5
22. Bg5 Nf7 23. f4 Bd7 24. Bxf6 Bxf6 25. Bxh5 Qb4 26. g3 Qd4 27. Qc2 Re3 28.
Rxe3 Qxe3 29. Ne2 Re8 30. Ra3 Qe7 31. Nd1 Qe4 32. Qd2 Qb4 33. Ndc3 Re7 34. Ra1
Nh6 35. Kg2 b5 36. axb5 Bxb5 37. Re1 a5 38. Bf3 a4 39. Ra1 Bxe2 40. Bxe2 Kg7 41.
Bf3 Rb7 42. Rxa4 Qxb2 43. Qxb2 Rxb2+ 44. Ne2 Ng8 45. g4 fxg4 46. hxg4 Ne7 47. g5
Bd4 48. Ra7 Kf8 49. Kh3 Nxd5 50. Nxd4 1-0

[Event "Chigorin Memorial"]
[Site "St Petersburg RUS"]
[Date "2012.10.31"]
[Round "5.42"]
[White "Yandarbiev, Ruslan"]
[Black "Zvjaginsev, Vadim"]
[Result "1-0"]
[WhiteTitle "IM"]
[BlackTitle "GM"]
[WhiteElo "2356"]
[BlackElo "2678"]
[WhiteFideId "4115023"]
[BlackFideId "4113403"]
[EventDate "2012.10.27"]

1. d4 Nf6 2. Nf3 e6 3. c4 d5 4. Nc3 Nbd7 5. Bg5 h6 6. Bh4 Be7 7. e3 O-O 8. Rc1
c6 9. Bd3 a6 10. O-O dxc4 11. Bxc4 b5 12. Bd3 c5 13. Qe2 Bb7 14. Rfd1 cxd4 15.
exd4 b4 16. Na4 Qa5 17. Nc5 Bxc5 18. dxc5 Nxc5 19. Bb1 Nce4 20. Nd4 Rfc8 21.
Rxc8+ Rxc8 22. f3 Ng5 23. Nb3 Qb5 24. Qxb5 axb5 25. Be1 Nd5 26. Bd3 Nf4 27. Bf1
Bd5 28. h4 Nh7 29. Bxb4 Bxb3 30. axb3 Nd5 31. Bd2 b4 32. Bc4 Nhf6 33. Ra1 Nb6
34. Rc1 Rb8 35. Bf1 Nbd5 36. Rc6 Ne7 37. Rc4 Nfd5 38. Kf2 f5 39. h5 Kf7 40. Bd3
Ra8 41. g4 Ra2 42. Bc1 f4 43. Bb1 Ra1 44. Be4 e5 45. Ke2 Ke6 46. Bd2 Ra2 47. Rc2
Kd6 48. Kd3 Nc6 49. Rxc6+ Kxc6 50. Kc4 Ra5 51. Bxb4 Rb5 52. Bf8 1-0

[Event "Chigorin Memorial"]
[Site "St Petersburg RUS"]
[Date "2012.10.31"]
[Round "5.43"]
[White "Burmakin, Vladimir"]
[Black "Dmitriev, Igor"]
[Result "1-0"]
[WhiteTitle "GM"]
[BlackTitle "IM"]
[WhiteElo "2579"]
[BlackElo "2340"]
[WhiteFideId "4105109"]
[BlackFideId "4114833"]
[EventDate "2012.10.27"]

1. d4 g6 2. Nf3 Bg7 3. c3 d6 4. e4 Nf6 5. Bd3 O-O 6. O-O Nc6 7. Nbd2 e5 8. Re1
exd4 9. cxd4 Nh5 10. d5 Ne5 11. Nxe5 Bxe5 12. Nc4 Bg7 13. Qc2 a5 14. Bd2 b6 15.
Rac1 Ba6 16. Bc3 Nf6 17. Ne3 Bxd3 18. Qxd3 Re8 19. f3 Rc8 20. Nc2 Nd7 21. Bxg7
Kxg7 22. Nd4 Nc5 23. Qd2 Qf6 24. b3 h5 25. Rc3 h4 26. h3 Re5 27. a3 Rg5 28. b4
axb4 29. axb4 Nd7 30. f4 Rg3 31. Rxg3 hxg3 32. Ne2 Ra8 33. Nxg3 Ra1 34. Ne2 Kh7
35. Rxa1 Qxa1+ 36. Kh2 Qb1 37. Ng3 g5 38. fxg5 Ne5 39. Qf4 Qd1 40. Qf6 Qe1 41.
Nh5 Ng4+ 42. hxg4 1-0

[Event "Chigorin Memorial"]
[Site "St Petersburg RUS"]
[Date "2012.10.31"]
[Round "5.44"]
[White "Popov, Valerij"]
[Black "Tologontegin, Semetey"]
[Result "0-1"]
[WhiteTitle "GM"]
[BlackTitle "FM"]
[WhiteElo "2577"]
[BlackElo "2338"]
[WhiteFideId "4119410"]
[BlackFideId "13800574"]
[EventDate "2012.10.27"]

1. c4 e6 2. g3 d5 3. Bg2 Nf6 4. Nf3 dxc4 5. Qa4+ c6 6. Qxc4 b5 7. Qc2 Bb7 8. O-O
Nbd7 9. a4 Rc8 10. d3 a6 11. Bd2 Be7 12. d4 b4 13. Ne5 Nxe5 14. dxe5 Nd7 15. Qe4
a5 16. Bf4 Ba8 17. Rd1 O-O 18. Qc2 Qc7 19. Nd2 c5 20. Bxa8 Rxa8 21. Rac1 Rac8
22. h4 Nb6 23. Ne4 c4 24. Nf6+ Bxf6 25. exf6 Qc6 26. Rd6 Qc5 27. Rcd1 Nd5 28.
fxg7 Rfe8 29. R1xd5 exd5 30. Qf5 Rxe2 31. Be5 Re8 32. Rd7 Qxf2+ 33. Qxf2 Rxf2
34. Kxf2 Rxe5 35. Kf3 Kxg7 36. Kf4 Re4+ 0-1

[Event "Chigorin Memorial"]
[Site "St Petersburg RUS"]
[Date "2012.10.31"]
[Round "5.46"]
[White "Vocaturo, Daniele"]
[Black "Vuilleumier, Alexandre"]
[Result "1-0"]
[WhiteTitle "GM"]
[BlackTitle "IM"]
[WhiteElo "2534"]
[BlackElo "2326"]
[WhiteFideId "813192"]
[BlackFideId "1305662"]
[EventDate "2012.10.27"]

1. e4 c5 2. Nf3 d6 3. d4 cxd4 4. Nxd4 Nf6 5. Nc3 g6 6. Be2 Bg7 7. Be3 O-O 8. Qd2
Nc6 9. O-O-O Ng4 10. Bxg4 Bxg4 11. f3 Bd7 12. Kb1 Ne5 13. b3 Rc8 14. h4 Re8 15.
Nce2 a5 16. h5 a4 17. hxg6 hxg6 18. Bh6 Bf6 19. Bg5 e6 20. Bxf6 Qxf6 21. Rh6 Bc6
22. Rdh1 axb3 23. axb3 Nd7 24. Ng3 Qg7 25. e5 Qxe5 26. f4 Qg7 27. f5 Nf8 28.
Rh8+ 1-0

[Event "Chigorin Memorial"]
[Site "St Petersburg RUS"]
[Date "2012.10.31"]
[Round "5.48"]
[White "Makarov, Marat"]
[Black "Barhudarian, Rafael"]
[Result "1-0"]
[WhiteTitle "GM"]
[BlackTitle "FM"]
[WhiteElo "2516"]
[BlackElo "2305"]
[WhiteFideId "4101103"]
[BlackFideId "4182685"]
[EventDate "2012.10.27"]

1. d4 Nc6 2. Nf3 d5 3. Bf4 Bg4 4. Nbd2 e6 5. e3 Bd6 6. Bxd6 Qxd6 7. Be2 Nf6 8.
c4 dxc4 9. Nxc4 Qb4+ 10. Nfd2 Bxe2 11. Qxe2 O-O 12. a3 Qb5 13. Nf3 Rfd8 14. Rc1
h6 15. O-O Rac8 16. Rc2 Qh5 17. Rfc1 Nd5 18. b4 a6 19. Nb2 e5 20. Nxe5 Qxe2 21.
Rxe2 Nxe5 22. dxe5 Ne7 23. f4 Rd5 24. Rec2 Nc6 25. Rd1 Rcd8 26. Rxd5 Rxd5 27.
Nc4 Rd1+ 28. Kf2 Ra1 29. Na5 Nxa5 30. bxa5 c6 31. Rb2 Rxa3 32. Rxb7 Rxa5 33.
Rb8+ Kh7 34. Rf8 Kg6 35. g4 Rb5 36. f5+ Kg5 37. Rxf7 Kxg4 38. e6 Re5 39. h3+ Kh4
40. Kf3 g5 41. e4 h5 42. Ke3 c5 43. Rd7 1-0

[Event "Chigorin Memorial"]
[Site "St Petersburg RUS"]
[Date "2012.10.31"]
[Round "5.50"]
[White "Melnikov, Dmitry"]
[Black "Baryshpolets, Andrey"]
[Result "1-0"]
[WhiteTitle "FM"]
[BlackTitle "IM"]
[WhiteElo "2292"]
[BlackElo "2510"]
[WhiteFideId "4146468"]
[BlackFideId "14117207"]
[EventDate "2012.10.27"]

1. f4 c5 2. Nf3 Nf6 3. g3 g6 4. Bg2 Bg7 5. O-O O-O 6. d3 Nc6 7. e4 d6 8. h3 Rb8
9. a4 a6 10. g4 b5 11. axb5 axb5 12. f5 Bb7 13. Qe1 Nd4 14. Nxd4 cxd4 15. Ra7
Qb6 16. Qa5 Qxa5 17. Rxa5 Rfc8 18. Rxb5 Rxc2 19. Na3 Rc5 20. Rb3 Nd7 21. Nc4 Rc7
22. Rb5 Ba6 23. Rxb8+ Nxb8 24. b3 Nc6 25. Bg5 Bxc4 26. bxc4 h6 27. Bh4 g5 28.
Bf2 Nb4 29. Rd1 Ra7 30. Bf1 Ra3 31. Be1 Nc2 32. Bd2 Be5 33. Kg2 Bf4 34. Kf3 Be5
35. Rc1 Ra2 36. Be2 Rb2 37. Bd1 Ne3 38. Bxe3 dxe3 39. Be2 Bd4 40. Rh1 Kg7 41. h4
h5 42. Rg1 f6 43. gxh5 Kh6 44. hxg5+ fxg5 45. Re1 Bb6 46. Rg1 Bc5 47. Rg2 Rb1
48. e5 dxe5 49. Ke4 Bd4 50. Kd5 Rb2 51. Ke6 g4 52. Kxe7 Rxe2 53. Rxe2 Kxh5 54.
f6 Kg5 55. f7 Bc5+ 56. Ke6 Kf4 57. Kd5 Bf8 58. c5 Kf3 59. Re1 Kf2 60. Rb1 e2 61.
c6 1-0

[Event "Chigorin Memorial"]
[Site "St Petersburg RUS"]
[Date "2012.10.31"]
[Round "5.51"]
[White "Mikheev, Stanislav"]
[Black "Oparin, Grigoriy"]
[Result "0-1"]
[WhiteTitle "IM"]
[BlackTitle "IM"]
[WhiteElo "2286"]
[BlackElo "2484"]
[WhiteFideId "4135920"]
[BlackFideId "24125890"]
[EventDate "2012.10.27"]

1. d4 Nf6 2. c4 e6 3. Nf3 d5 4. g3 dxc4 5. Bg2 Nc6 6. Qa4 Bb4+ 7. Bd2 Nd5 8.
Bxb4 Nxb4 9. Nc3 Bd7 10. O-O a5 11. Qd1 O-O 12. e3 a4 13. Qe2 Na5 14. Ne5 Nd5
15. Nxd5 exd5 16. Bxd5 Bh3 17. Qf3 Bxf1 18. Bxf7+ Kh8 19. Rxf1 Nc6 20. Qh5 Nxe5
21. dxe5 Qd3 22. e6 Qe4 23. Rd1 a3 24. bxa3 Rfd8 25. Rd7 Rxd7 26. exd7 Qb1+ 27.
Kg2 Qe4+ 28. f3 Qxe3 29. Bg6 Qd2+ 30. Kf1 Qd1+ 31. Kf2 Qd2+ 32. Kf1 Qh6 33. Qa5
Rd8 34. Bf5 Qd6 35. Qe1 Qxa3 36. Qe4 Qd3+ 37. Kf2 Qxe4 38. fxe4 g6 39. e5 Kg7
40. Bg4 Kf7 41. Ke3 Ke7 42. Kd4 b5 43. a4 bxa4 44. Kxc4 Ra8 0-1

[Event "Chigorin Memorial"]
[Site "St Petersburg RUS"]
[Date "2012.10.31"]
[Round "5.55"]
[White "Chekhov, Sergei"]
[Black "Solovyov, Viktor"]
[Result "1-0"]
[WhiteTitle "FM"]
[WhiteElo "2443"]
[BlackElo "2265"]
[WhiteFideId "4195639"]
[BlackFideId "4102754"]
[EventDate "2012.10.27"]

1. e4 e6 2. d4 d5 3. e5 c5 4. c3 Qb6 5. Nf3 Nc6 6. a3 Nh6 7. b4 cxd4 8. cxd4 Nf5
9. Bb2 Bd7 10. Be2 Rc8 11. O-O h5 12. h3 h4 13. Qd2 g6 14. Bc3 Bh6 15. Qb2 Qc7
16. Bd2 Qb6 17. Bc3 Qc7 18. Bd3 Bf4 19. Bd2 Bxd2 20. Nbxd2 Qb6 21. Nb3 a5 22.
Nc5 Ncxd4 23. Nxd4 Rxc5 24. Bxf5 Rc4 25. Rad1 gxf5 26. Nxf5 Rc7 27. Nd6+ Kf8 28.
Qd2 axb4 29. axb4 Rc6 30. Qf4 Be8 31. Ra1 Qd8 32. Nxb7 Qb8 33. Nd6 Rh5 34. Rfc1 1-0

[Event "Chigorin Memorial"]
[Site "St Petersburg RUS"]
[Date "2012.10.31"]
[Round "5.56"]
[White "Mammadov, Zaur"]
[Black "Vunder, Andrey"]
[Result "1-0"]
[WhiteTitle "IM"]
[WhiteElo "2442"]
[BlackElo "2243"]
[WhiteFideId "13401033"]
[BlackFideId "4128338"]
[EventDate "2012.10.27"]

1. e4 e6 2. d4 d5 3. Nc3 Nf6 4. Bg5 dxe4 5. Nxe4 Nbd7 6. Nxf6+ Nxf6 7. Nf3 c5 8.
Ne5 a6 9. dxc5 Qxd1+ 10. Rxd1 Bxc5 11. Nd3 Bb6 12. Be2 Bd7 13. Ne5 Rd8 14. Bh5
Kf8 15. Bf3 Bc8 16. Ke2 Ke7 17. Nc4 Bc7 18. Bd2 a5 19. Bxa5 Bxa5 20. Nxa5 e5 21.
Ke3 Ng4+ 22. Bxg4 Bxg4 23. f3 Be6 24. Nb3 Ra8 25. a3 Rhc8 26. Rd2 Ra6 27. Nc1
Rb6 28. c3 Bc4 29. Rhd1 Rc7 30. Re1 Rd7 31. Rxd7+ Kxd7 32. Rd1+ Ke6 33. Rd2 f5
34. b3 Bd5 35. c4 Bc6 36. a4 Ra6 37. Nd3 Ra8 38. Nb4 f4+ 39. Ke2 g5 40. c5 Rc8
41. Rd6+ Kf5 42. Nd5 Bxd5 43. Rxd5 g4 44. b4 h5 45. a5 gxf3+ 46. gxf3 Rg8 47.
Kf1 h4 48. b5 h3 49. a6 bxa6 50. b6 Rb8 51. Ke2 a5 52. Kd3 a4 53. Kc4 a3 54. Kb5
a2 55. Rd1 Ke6 56. c6 Rd8 57. Rc1 Rd5+ 58. Kb4 Kd6 59. c7 Rc5 60. Rd1+ 1-0

[Event "Chigorin Memorial"]
[Site "St Petersburg RUS"]
[Date "2012.10.31"]
[Round "5.57"]
[White "Cheremnova, Tamara"]
[Black "Sipila, Vilka"]
[Result "0-1"]
[WhiteTitle "WFM"]
[BlackTitle "FM"]
[WhiteElo "2235"]
[BlackElo "2430"]
[WhiteFideId "4175026"]
[BlackFideId "505455"]
[EventDate "2012.10.27"]

1. d4 d5 2. c4 dxc4 3. Nf3 Nf6 4. e3 e6 5. Bxc4 c5 6. O-O a6 7. a4 Nc6 8. Qe2
Be7 9. Rd1 Qc7 10. Nc3 O-O 11. h3 Rd8 12. d5 exd5 13. Nxd5 Nxd5 14. Rxd5 Re8 15.
e4 Na5 16. Rd1 Nxc4 17. Qxc4 Be6 18. Qc3 h6 19. Be3 Qc6 20. Nd2 b5 21. axb5 axb5
22. Rxa8 Rxa8 23. Rc1 c4 24. Bd4 Bf8 25. f4 Rd8 26. Kh1 Qd6 27. Be3 Qd3 28. Qxd3
Rxd3 29. Rc3 Rd8 30. Nf3 b4 31. Rc1 Rd3 32. Bb6 f6 33. Kg1 g5 34. f5 Bf7 35. Kf2
Bd6 36. Bd4 Kg7 37. Ke2 h5 38. g4 Bf4 39. Rc2 Rb3 40. Kf2 h4 41. e5 Bd5 42.
exf6+ Kg8 43. f7+ Kxf7 44. Ne5+ Kg8 45. Nxc4 Rxh3 46. Nb6 Rh2+ 47. Kg1 Rxc2 48.
Nxd5 Rd2 49. Ne7+ Kf7 50. Nc6 Rxd4 0-1

[Event "Chigorin Memorial"]
[Site "St Petersburg RUS"]
[Date "2012.10.31"]
[Round "5.58"]
[White "Bodnaruk, Anastasia"]
[Black "Schepetkova, Margarita"]
[Result "1-0"]
[WhiteTitle "IM"]
[WhiteElo "2425"]
[BlackElo "2239"]
[WhiteFideId "4181751"]
[BlackFideId "4189949"]
[EventDate "2012.10.27"]

1. e4 c6 2. d4 d5 3. e5 Bf5 4. h4 h5 5. c4 e6 6. Nc3 Ne7 7. Nge2 Nd7 8. Ng3 Bg6
9. Bg5 f6 10. exf6 gxf6 11. Be3 dxc4 12. Bxc4 Nd5 13. Nxd5 cxd5 14. Be2 Qa5+ 15.
Kf1 Bd6 16. Nxh5 O-O-O 17. Nf4 Bf7 18. g3 Kb8 19. h5 e5 20. Nd3 Nf8 21. b4 Bxb4
22. dxe5 Bc3 23. Rc1 Bxe5 24. Nxe5 fxe5 25. Bg5 Re8 26. Bf6 Rh6 27. Bg7 Rh7 28.
h6 d4 29. f4 exf4 30. gxf4 Qf5 31. Qxd4 a6 32. Bf3 Qb5+ 33. Kf2 Ne6 34. Qe5+ Ka8
35. Qxb5 axb5 36. Be4 Rxg7 37. hxg7 Nxg7 38. Bf3 Ne6 39. f5 Nd4 40. Rc7 Bc4 41.
Rhh7 Nxf3 42. Kxf3 Bxa2 43. Kf4 Bd5 44. f6 Ka7 45. Rhe7 Rf8 46. Ke5 Bc4 47.
Rxb7+ Ka6 48. f7 Ka5 49. Kd4 Kb4 50. Rbd7 Kb3 51. Re3+ Kb2 52. Rf3 Kc2 53. Rc3+
Kd2 54. Rxc4 bxc4 55. Kxc4+ Ke3 56. Kd5 Kf4 57. Ke6 1-0

[Event "Chigorin Memorial"]
[Site "St Petersburg RUS"]
[Date "2012.10.31"]
[Round "5.59"]
[White "Arslanov, Shamil"]
[Black "Semenova, Irina"]
[Result "1/2-1/2"]
[WhiteTitle "IM"]
[BlackTitle "WGM"]
[WhiteElo "2421"]
[BlackElo "2216"]
[WhiteFideId "4192826"]
[BlackFideId "4118367"]
[EventDate "2012.10.27"]

1. d4 Nf6 2. c4 g6 3. g3 Bg7 4. Bg2 O-O 5. Nf3 d6 6. Nc3 Nbd7 7. O-O e5 8. e4
exd4 9. Nxd4 Re8 10. h3 Nc5 11. Re1 a5 12. Qc2 c6 13. Be3 a4 14. Rad1 Qa5 15.
Bf4 Bf8 16. e5 dxe5 17. Bxe5 Ncd7 18. Bf4 Rxe1+ 19. Rxe1 a3 20. b3 Bb4 21. Re3
Qb6 22. Qd3 Nc5 23. Qe2 Ne6 24. Nxe6 Bxe6 25. Bg5 Nd7 26. Rxe6 Bxc3 27. Re7 Qd4
28. Be3 Qd6 29. Bf4 Qd4 30. Be3 Qd6 31. Bf4 Qd4 32. Bh6 Bb4 33. Re3 Qa1+ 34. Kh2
Bc5 35. Rd3 Nf8 36. Qf3 Re8 37. Rd2 Bb4 38. Re2 Rxe2 39. Qxe2 Ne6 40. h4 Bc5 41.
Bf3 Qb2 42. Kg2 Qxe2 43. Bxe2 Nd4 44. Bd1 Bb4 45. Be3 1/2-1/2

[Event "Chigorin Memorial"]
[Site "St Petersburg RUS"]
[Date "2012.10.31"]
[Round "5.60"]
[White "Syrchikov, Alexander"]
[Black "Cori T., Deysi"]
[Result "0-1"]
[WhiteTitle "FM"]
[BlackTitle "WGM"]
[WhiteElo "2208"]
[BlackElo "2411"]
[WhiteFideId "4133358"]
[BlackFideId "3801934"]
[EventDate "2012.10.27"]

1. d4 Nf6 2. Nf3 e6 3. Bf4 c5 4. c3 cxd4 5. cxd4 Bb4+ 6. Nbd2 O-O 7. a3 Be7 8.
e4 d6 9. Be2 b6 10. O-O Bb7 11. Bd3 Nbd7 12. Qe2 Re8 13. Rac1 a6 14. h3 Nf8 15.
Bh2 Ng6 16. Rfe1 b5 17. b4 Qd7 18. Nb3 Rad8 19. Bb1 Ba8 20. Na5 Bf8 21. Nd2 Kh8
22. Rc3 e5 23. d5 Ng8 24. Qg4 f5 25. Qxf5 Qxf5 26. exf5 N6e7 27. Nc6 Rc8 28.
Rec1 Nf6 29. Nxe7 Rxc3 30. Rxc3 Bxe7 31. Ne4 Bxd5 32. f3 Bc4 33. Rc1 a5 34. Bg3
axb4 35. axb4 Nd5 36. Be1 Nf4 37. Rd1 d5 38. Nc5 Ne2+ 39. Kh2 Bd6 40. g3 Nd4 41.
f4 exf4 42. Bc3 Re2+ 0-1

[Event "Chigorin Memorial"]
[Site "St Petersburg RUS"]
[Date "2012.10.31"]
[Round "5.61"]
[White "Vlasenko, Miroslav"]
[Black "Antinyan, Armen"]
[Result "1-0"]
[WhiteTitle "IM"]
[WhiteElo "2400"]
[BlackElo "2177"]
[WhiteFideId "4151887"]
[BlackFideId "13303112"]
[EventDate "2012.10.27"]

1. d4 d5 2. Nf3 Nf6 3. e3 Bf5 4. c4 e6 5. Nc3 Be7 6. Qb3 b6 7. Nh4 Bg4 8. h3 Bh5
9. g4 Bg6 10. Nxg6 hxg6 11. cxd5 Nxd5 12. Bg2 c6 13. e4 Nxc3 14. Qxc3 a5 15. O-O
O-O 16. Be3 Ra7 17. Rac1 Rd7 18. Qb3 b5 19. e5 a4 20. Qc2 Qc8 21. a3 Bd8 22.
Rfd1 Bb6 23. Rd2 Rfd8 24. Rcd1 Qc7 25. h4 Qa7 26. Qe4 c5 27. h5 gxh5 28. gxh5
cxd4 29. Bg5 Rc8 30. Qg4 Kh8 31. h6 g6 32. h7 Bd8 33. Qh4 f5 34. Bf6+ Bxf6 35.
Qxf6+ Kxh7 36. Rd3 Kg8 37. Rh3 1-0

[Event "Chigorin Memorial"]
[Site "St Petersburg RUS"]
[Date "2012.10.31"]
[Round "5.62"]
[White "Svetlov, Dmitry"]
[Black "Kantyshev, Nikita"]
[Result "0-1"]
[WhiteTitle "FM"]
[WhiteElo "2399"]
[BlackElo "1898"]
[WhiteFideId "24102610"]
[BlackFideId "4186737"]
[EventDate "2012.10.27"]

1. d4 Nf6 2. c4 g6 3. g3 Bg7 4. Bg2 O-O 5. Nf3 d6 6. O-O Nc6 7. Nc3 a6 8. b3 Rb8
9. Nd5 Nxd5 10. cxd5 Nb4 11. Ne1 c6 12. e4 cxd5 13. exd5 e6 14. dxe6 Bxe6 15.
Be3 Nd5 16. Qd2 Nxe3 17. fxe3 d5 18. Nd3 Qd6 19. Rac1 Rbc8 20. Qb4 Qb8 21. Qb6
Rxc1 22. Rxc1 Rc8 23. Rxc8+ Qxc8 24. Nc5 Bh6 25. Kf2 Bg4 26. Qf6 Qe8 27. Qe5 Qb5
28. Bf1 Qb4 29. Qe8+ Bf8 30. h3 Qd2+ 31. Kg1 Be6 32. Bg2 Qxe3+ 33. Kh2 Kg7 34.
Nxb7 Qxd4 35. Nd8 Bc5 36. Nxe6+ fxe6 37. h4 Qe5 38. Qd7+ Kh6 39. Qa4 Bd6 40. Qg4
Qe3 41. Bh3 Qf2+ 42. Bg2 d4 43. Kh3 d3 44. Be4 d2 45. Bf3 Qg1 46. Qg5+ Kg7 47.
h5 d1=Q 48. h6+ Kf7 49. Bxd1 Qh1+ 0-1